000 01628nam a2200385Ia 4500
001 ebr10115195
003 CaPaEBR
006 m u
007 cr cn|||||||||
008 030130s2003 nyu sb 001 0 eng d
010 _z 2003041438
020 _z140397375X
020 _z1403962472
040 _aCaPaEBR
_cCaPaEBR
035 _a(OCoLC)560026962
050 1 4 _aJC574
_b.C583 2003eb
082 0 4 _a320.51/092/2
_221
100 1 _aClinton, W. David.
245 1 0 _aTocqueville, Lieber, and Bagehot
_h[electronic resource] :
_bliberalism confronts the world /
_cDavid Clinton.
250 _a1st ed.
260 _aNew York :
_bPalgrave Macmillan,
_c2003.
300 _ax, 159 p.
490 1 _aPalgrave Macmillan series in the history of international thought
504 _aIncludes bibliographical references (p. [151]-156) and index.
533 _aElectronic reproduction.
_bPalo Alto, Calif. :
_cebrary,
_d2009.
_nAvailable via World Wide Web.
_nAccess may be limited to ebrary affiliated libraries.
600 1 0 _aTocqueville, Alexis de,
_d1805-1859
_xContributions in political science.
600 1 0 _aLieber, Francis,
_d1800-1872
_xContributions in political science.
600 1 0 _aBagehot, Walter,
_d1826-1877
_xContributions in political science.
650 0 _aLiberalism.
650 0 _aInternational relations.
655 7 _aElectronic books.
_2local
710 2 _aebrary, Inc.
830 0 _aPalgrave Macmillan series on the history of international thought.
856 4 0 _uhttp://site.ebrary.com/lib/rucke/Doc?id=10115195
_zAn electronic book accessible through the World Wide Web; click to view
999 _c103539
_d103539